banner-ar

DICTIONNAIRE DES SCIENCESET TECHNIQUES DE PETROLE: ANGLAIS - FRANCAIS, FRANCAIS - ANGLAIS / (Record no. 15931)

MARC details
000 -الفاتح
حقل البيانات ثابتة الطول 00553nam a2200181Ia 4500
008 - عناصر البيانات ثابتة الطول - معلومات عامة
حقل البيانات ثابتة الطول 140319s9999 xx 000 0 aRus d
040 ## - مصدر الفهرسة
وكالة الفهرسة الأصلية GCL /
وكالة النسخ GCL
082 04 - رقم تصنيف ديوى العشرى
رقم التصنيف 665.503
رقم المادة M D
100 1# - المدخل الرئيسى - إسم شخصى
الإسم الشخصى MOUREAU, MAGDELEINE
245 10 - بيان العنوان
العنوان DICTIONNAIRE DES SCIENCESET TECHNIQUES DE PETROLE: ANGLAIS - FRANCAIS, FRANCAIS - ANGLAIS /
بيان المسئوليه,etc MOUREAU, MAGDELEINE
700 1# - المدخل الاضافى - اسم شخصى
الإسم الشخصى BRACE, GERALD
260 ## - PUBLICATION, DISTRIBUTION, ETC. (IMPRINT)
تاريخ النشر أو التوزيع 1993
300 ## - الوصف المادى
التعداد 990 P
650 04 - المدخل الاضافى بالموضوع-مصطلح موضوعى
مصطلح موضوعي PETROLEUM - DICTIONARY
650 04 - المدخل الاضافى بالموضوع-مصطلح موضوعى
مصطلح موضوعي SCIENCE - TECHNOLOGY
942 ## - عناصر المدخل الإضافي( كوها)
مصدر التصنيف او مخطط الترفيف Dewey Decimal Classification
Koha [default] item type كتاب
260 ## - PUBLICATION, DISTRIBUTION, ETC. (IMPRINT)
-- [S.N] :
-- EDITIONS TECHNIP ،
Holdings
حالة التراجع حالة الفقد حالة تلف ليس للاعارة المكان المؤقت الموقع الحالى تاريخ الاكتساب اجمالي اﻻعارات رقم الطلب الباركود تاريخ اخر مشاهدة تاريخ تفعيل السعر نوع وعاء كوها
        مكتبة القاهرة الكبرى مكتبة القاهرة الكبرى 03/26/2014   665.503\M D 29240 03/26/2014 03/26/2014 كتاب

Powered By

EGPV